Lanean...

Zhou Enlai and Deng Xiaoping in the Chinese leadership succession crisis

Xehetasun bibliografikoak
Egile nagusia: Chaug, David W
Formatua: Printed Book
Argitaratua: Boston, University Press of America 1984
Gaiak:
LEADER 005990000a22002050004500
015 |a M 
041 |a Eng 
082 |a 951 M4 
100 |a Chaug, David W 
245 |a Zhou Enlai and Deng Xiaoping in the Chinese leadership succession crisis 
260 |a Boston, University Press of America 
260 |c 1984 
650 |a China 
650 |a Chou 
650 |a Deng Xiaoping 
650 |a En-lai 
650 |a Politics and government 
942 |c BK 
999 |c 140231  |d 140227 
952 |0 0  |1 0  |4 0  |6 951_000000000000000_M4  |7 0  |9 139014  |a SIRP  |b SIRP  |d 2017-10-05  |l 0  |o 951 M4  |p SIRP01622  |r 2017-10-05  |w 2017-10-05  |y BK